000 00312nam a22001457a 4500
008 210308b ||||| |||| 00| 0 eng d
020 _a9780201612516
041 _aeng
080 _22th
_a004
082 _2004
100 _a30
101 _aSHKI
245 _aOperating Systems
_cGary Nutt
942 _2udc
_cBK
999 _c55916
_d55916